[Event "1990 Armed Forces ch"]
[Site "?"]
[Date "1990.??.??"]
[Round "9"]
[White "Teraoka, L."]
[Black "Highley, E."]
[Result "1/2-1/2"]
[WhiteElo "2210"]
[BlackElo "1755"]
[PlyCount "108"]
[EventDate "1990.??.??"]

1. e4 c5 2. Nf3 d6 3. d4 cxd4 4. Nxd4 Nf6 5. Nc3 a6 6. f4 e5 7. Nf3 Qc7 8. Bd3
Nbd7 9. O-O Be7 10. Kh1 Nc5 11. Qe1 O-O 12. Bd2 Re8 13. fxe5 dxe5 14. Nh4 Be6
15. Nf5 Bf8 16. Qh4 Rac8 17. Bg5 Ncd7 18. Rae1 b5 19. a3 Qd8 20. Nd5 Bxf5 21.
Rxf5 Re6 22. Re3 Be7 23. Rh3 Nf8 24. Rhf3 Ng6 25. Nxe7+ Qxe7 26. Qe1 h6 27.
Bxf6 Rxf6 28. Rxf6 gxf6 29. Qd2 Kg7 30. Rh3 Rh8 31. a4 Qd7 32. axb5 axb5 33.
Qe1 Ra8 34. Qf1 Ra6 35. Rf3 Qa7 36. Qg1 Ra1 37. Rf1 Qxg1+ 38. Kxg1 Rxf1+ 39.
Kxf1 b4 40. g3 Nf8 41. Bc4 Nd7 42. Ke2 Nb6 43. Bd5 Kf8 44. Kd3 Ke7 45. c3 bxc3
46. bxc3 f5 47. c4 fxe4+ 48. Kxe4 f6 49. c5 Nxd5 50. Kxd5 Kd7 51. g4 Kc7 52. h3
Kd7 53. h4 Kc7 54. g5 fxg5 1/2-1/2

[Event "Air Force ch"]
[Site "?"]
[Date "1991.??.??"]
[Round "4"]
[White "Moore, B."]
[Black "Echaure, S."]
[Result "1-0"]
[WhiteElo "2270"]
[BlackElo "2020"]
[PlyCount "107"]
[EventDate "1991.??.??"]

1. e4 e5 2. Nf3 Nc6 3. d4 exd4 4. Nxd4 Bc5 5. Nb3 Bb6 6. a4 a6 7. Nc3 d6 8. Qe2
Be6 9. Nd5 Ba7 10. Be3 Nge7 11. Bxa7 Nxa7 12. Nd4 Bxd5 13. exd5 O-O 14. Qh5 Ng6
15. Bd3 Re8+ 16. Kd2 Re5 17. Nf5 h6 18. Rhe1 Nf4 19. Qg4 Qg5 20. Qxg5 hxg5 21.
Rxe5 dxe5 22. Ne3 Nxd3 23. Kxd3 Rd8 24. Ke4 f6 25. c4 a5 26. c5 Nc8 27. Nc4 b6
28. cxb6 cxb6 29. Ra3 Kf7 30. Rb3 Rh8 31. Nxb6 Nd6+ 32. Kd3 Rh4 33. Rc3 Rd4+
34. Kc2 Kg6 35. Rc6 Nf5 36. Rc4 Rh4 37. Rxh4 gxh4 38. Nc4 Ne7 39. d6 Nc6 40. d7
Kf7 41. Nxa5 Nd4+ 42. Kd3 Ke7 43. b4 Kxd7 44. b5 Kc7 45. Nc4 Ne6 46. Kc3 Nc5
47. a5 Ne4+ 48. Kb4 Nxf2 49. a6 e4 50. b6+ Kb8 51. Kb5 Nd3 52. a7+ Ka8 53. Nd6
e3 54. Ne8 1-0

[Event "Air Force ch"]
[Site "?"]
[Date "1992.??.??"]
[Round "2"]
[White "Garcia, M."]
[Black "Moore, B."]
[Result "0-1"]
[WhiteElo "1960"]
[BlackElo "2260"]
[PlyCount "108"]
[EventDate "1992.??.??"]

1. d4 Nf6 2. c4 g6 3. Nf3 Bg7 4. Nc3 O-O 5. e4 d6 6. Be2 e5 7. O-O Nc6 8. d5
Ne7 9. Rb1 Nh5 10. g3 f5 11. Bg5 h6 12. Bxe7 Qxe7 13. Nh4 Nf4 14. exf5 gxf5 15.
Bf3 e4 16. Be2 Kh7 17. Qd2 Nh3+ 18. Kh1 Nxf2+ 19. Kg1 Nh3+ 20. Kh1 Bf6 21. Ng2
Bg5 22. Nf4 Rg8 23. Qe3 Qg7 24. Bh5 Bxf4 25. Rxf4 Nxf4 26. Qxf4 Qg5 27. Qxg5
Rxg5 28. Bf7 Kg7 29. Be8 a6 30. Rf1 Kf8 31. Ba4 Ke7 32. Ne2 Bd7 33. Bxd7 Kxd7
34. Nd4 Re8 35. Kg2 c5 36. Ne6 Rxe6 37. dxe6+ Kxe6 38. Kf2 b5 39. b3 Rg7 40.
Ke3 bxc4 41. bxc4 Rb7 42. Rf2 Rb1 43. Rc2 Rd1 44. Ke2 Rd4 45. Rc3 Ke5 46. h3 h5
47. Ra3 Rxc4 48. Rxa6 Rc2+ 49. Kf1 d5 50. a4 e3 51. a5 d4 52. Ra8 d3 53. Re8+
Kd4 54. a6 Rf2+ 0-1

[Event "1991 Armed Forces Ch"]
[Site "?"]
[Date "1991.??.??"]
[Round "7"]
[White "Felsen, A."]
[Black "Regensberg, W."]
[Result "0-1"]
[WhiteElo "1975"]
[BlackElo "2170"]
[PlyCount "108"]
[EventDate "1991.??.??"]

1. e4 e6 2. d3 c5 3. Nf3 Nc6 4. g3 Nge7 5. Bg2 g6 6. O-O Bg7 7. c3 O-O 8. Be3
b6 9. Qd2 Bh8 10. Bh6 Re8 11. Na3 Ba6 12. Rfe1 Rc8 13. Rad1 Rc7 14. e5 Nf5 15.
Bg5 f6 16. Bxf6 Bxf6 17. exf6 Qxf6 18. g4 Nh4 19. Nxh4 Qxh4 20. Qf4 Rcc8 21.
Qg3 Qxg3 22. fxg3 Rf8 23. Bxc6 Rxc6 24. Rf1 Rxf1+ 25. Kxf1 e5 26. c4 d5 27. b3
Rd6 28. Ke2 dxc4 29. bxc4 Kf7 30. g5 Ke7 31. Rf1 e4 32. Rd1 Ke6 33. Nb5 Bxb5
34. cxb5 exd3+ 35. Rxd3 Rxd3 36. Kxd3 Kf5 37. h3 Kxg5 38. Ke4 h5 39. Ke5 h4 40.
g4 c4 41. Kd4 Kf4 42. Kxc4 Kg3 43. Kd5 Kxh3 44. Kc6 Kxg4 45. Kb7 h3 46. Kxa7 h2
47. Kxb6 h1=Q 48. a4 Kf5 49. a5 Ke6 50. Ka7 Qd5 51. Ka6 Qc4 52. Kb6 Kd7 53. Ka7
Qxb5 54. a6 Kc7 0-1

[Event "1991 AFCC Playoff (G/30)"]
[Site "?"]
[Date "1991.??.??"]
[Round "?"]
[White "Crook, C."]
[Black "Rea, A."]
[Result "1-0"]
[WhiteElo "2120"]
[BlackElo "2145"]
[PlyCount "107"]
[EventDate "1991.??.??"]

1. f4 Nf6 2. Nf3 c5 3. g3 b6 4. Bg2 Bb7 5. O-O d5 6. d3 g6 7. c3 Bg7 8. Qc2 O-O
9. Re1 Nbd7 10. Na3 Rc8 11. e4 dxe4 12. dxe4 e5 13. Nc4 exf4 14. gxf4 Qc7 15.
e5 Ne8 16. a4 Bxf3 17. Bxf3 a6 18. Ne3 Qb8 19. Nd5 Rd8 20. Qg2 Kh8 21. Be3 Nc7
22. Ne7 Rde8 23. Nc6 Qc8 24. a5 bxa5 25. Nxa5 Ne6 26. Nb7 Bh6 27. Nd6 Qb8 28.
Nxe8 Rxe8 29. Qd2 Nb6 30. Rxa6 Nc4 31. Qd7 Nxe3 32. Ra8 Qxa8 33. Bxa8 Rxa8 34.
Rxe3 Bxf4 35. Re2 Kg8 36. b4 cxb4 37. cxb4 g5 38. b5 Ra1+ 39. Kg2 Rb1 40. Ra2
Bxe5 41. Ra7 Rb2+ 42. Kf1 Rb1+ 43. Ke2 Rb2+ 44. Kd1 Rb1+ 45. Kc2 Rb2+ 46. Kc1
Rf2 47. Qe8+ Kg7 48. Qxe6 Bxh2 49. Qe4 Bg1 50. Qe5+ Kg6 51. Ra6+ f6 52. Qe4+
Kh6 53. b6 Bh2 54. b7 1-0

[Event "Air Force ch"]
[Site "?"]
[Date "1989.??.??"]
[Round "9"]
[White "Tate, E."]
[Black "Waldowski, P."]
[Result "0-1"]
[WhiteElo "2450"]
[BlackElo "2060"]
[PlyCount "110"]
[EventDate "1989.??.??"]

1. e4 Nf6 2. e5 Nd5 3. a4 c5 4. Ra3 Nc6 5. Rg3 Nxe5 6. d4 Ng6 7. h4 e6 8. c4
Nf6 9. d5 Bd6 10. h5 Bxg3 11. hxg6 Bd6 12. gxf7+ Kxf7 13. Nf3 Qe7 14. dxe6+
dxe6 15. Nc3 Bd7 16. Ng5+ Ke8 17. Bd3 Kd8 18. Nge4 Nxe4 19. Nxe4 Be5 20. Qh5
Bf6 21. Nxc5 Be8 22. Qg5 Bxg5 23. Bxg5 Qxg5 24. Nxe6+ Ke7 25. Nxg5 Bxa4 26. O-O
h6 27. Re1+ Kd7 28. Bf5+ Kc6 29. Re6+ Kc7 30. Ne4 Rae8 31. Rg6 Re7 32. Nc5 Be8
33. Rg3 g5 34. Rd3 Bf7 35. Rb3 b6 36. Ne4 Rd8 37. Ra3 Kb8 38. Rh3 Rd4 39. Nc3
Re1+ 40. Kh2 h5 41. Nb5 Rh4 42. Rxh4 gxh4 43. Nd6 Be6 44. Bg6 Re2 45. f4 h3 46.
f5 Rxg2+ 47. Kh1 Bd7 48. Be8 Kc7 49. Nb5+ Bxb5 50. cxb5 h4 51. b3 Kd8 52. Bf7
Ke7 53. Bd5 Rf2 54. Kg1 Rxf5 55. Bc4 Kd6 0-1

[Event "1991 Armed Forces Ch"]
[Site "?"]
[Date "1991.??.??"]
[Round "12"]
[White "Rea, A."]
[Black "Waldowski, P."]
[Result "1-0"]
[WhiteElo "2150"]
[BlackElo "2180"]
[PlyCount "109"]
[EventDate "1991.??.??"]

1. c4 Nf6 2. Nc3 g6 3. d4 Bg7 4. e4 d6 5. f3 Nbd7 6. Be3 c5 7. Nge2 Qa5 8. Qa4
Qxa4 9. Nxa4 cxd4 10. Nxd4 a6 11. Be2 O-O 12. O-O Rb8 13. Rad1 e5 14. Nb3 b5
15. cxb5 axb5 16. Nc3 b4 17. Nd5 Ne8 18. Bd2 Nb6 19. Nxb4 Be6 20. Nc1 Nc4 21.
Bxc4 Bxc4 22. Rfe1 f5 23. b3 Be6 24. Nc6 Ra8 25. Bg5 h6 26. Be7 Bd7 27. Bxf8
Bxf8 28. Nb4 Nf6 29. Nd5 Nxd5 30. exd5 Be7 31. Re2 Bd8 32. Rc2 Bb6+ 33. Kf1 Kf7
34. a4 g5 35. Ne2 h5 36. Nc3 g4 37. Nb5 Ke7 38. Ke2 f4 39. Rc6 gxf3+ 40. gxf3
Be3 41. Nxd6 Rg8 42. Ne4 Rg2+ 43. Kd3 Rxh2 44. d6+ Kd8 45. Rc2 Rh3 46. Rg2 Bf5
47. Rg8+ Kd7 48. Rg5 Be6 49. Rxh5 Rxf3 50. Ke2 Rh3 51. Nf6+ Kc8 52. Rxh3 Bxh3
53. Rh1 Bf5 54. Rh8+ Kb7 55. d7 1-0

[Event "1991 Armed Forces Ch"]
[Site "?"]
[Date "1991.??.??"]
[Round "6"]
[White "Felsen, A."]
[Black "McCalmont, J."]
[Result "0-1"]
[WhiteElo "1975"]
[BlackElo "2140"]
[PlyCount "110"]
[EventDate "1991.??.??"]

1. e4 c5 2. Nf3 e6 3. d3 Nc6 4. g3 d5 5. Nbd2 Nf6 6. Bg2 dxe4 7. dxe4 e5 8. O-O
Be7 9. c3 h6 10. Qc2 Be6 11. Rd1 Qc7 12. Nf1 O-O 13. h3 Rfd8 14. Be3 Bc4 15.
Nh4 Rxd1 16. Rxd1 Rd8 17. b3 Ba6 18. Nf5 Bf8 19. Nh2 Rd7 20. Ng4 Nxg4 21. hxg4
f6 22. Bf1 Bxf1 23. Kxf1 Qd8 24. Rxd7 Qxd7 25. Qd2 Qxd2 26. Bxd2 b5 27. a3 Kf7
28. Ke2 Na5 29. b4 Nc4 30. Bc1 Ke6 31. Kd3 a6 32. f3 Nb6 33. bxc5 Nc4 34. a4
Kd7 35. axb5 axb5 36. Ne3 Nxe3 37. Bxe3 Kc6 38. Kc2 Bxc5 39. Bxc5 Kxc5 40. Kd3
g6 41. Kd2 Kc4 42. Kc2 g5 43. Kd2 Kb3 44. Kd3 Ka2 45. Kc2 Ka3 46. Kd3 Kb3 47.
Kd2 Kb2 48. Kd3 Kc1 49. c4 bxc4+ 50. Kxc4 Kd2 51. Kd5 Ke3 52. Ke6 Kxf3 53. Kxf6
Kxe4 54. Kg6 Kf3 55. Kxh6 Kxg4 0-1

[Event "Air Force ch"]
[Site "?"]
[Date "1992.??.??"]
[Round "3"]
[White "Wilson, E."]
[Black "Wilson, M."]
[Result "1-0"]
[WhiteElo "2205"]
[BlackElo "1930"]
[PlyCount "111"]
[EventDate "1992.??.??"]

1. d4 Nf6 2. c4 e6 3. Nf3 Bb4+ 4. Nbd2 b6 5. g3 Bb7 6. Bg2 O-O 7. O-O d5 8.
cxd5 exd5 9. Ne5 Nbd7 10. Ndf3 Nxe5 11. Nxe5 Bd6 12. Bg5 Re8 13. Nd3 h6 14. Bf4
Ba6 15. Re1 Bxd3 16. Qxd3 Bxf4 17. gxf4 Ne4 18. Qh3 Qd6 19. e3 Rac8 20. Bxe4
dxe4 21. Kh1 Qe6 22. f5 Qf6 23. Rg1 Kh8 24. Rg3 Rcd8 25. Rag1 Rg8 26. Qg4 Rd5
27. Rh3 Kh7 28. Qxe4 Qxf5 29. Qh4 Rd6 30. Qh5 Qxh5 31. Rxh5 g5 32. Rh3 Rc6 33.
Rf3 Kg6 34. Rfg3 f6 35. f3 Rc2 36. R3g2 Rxg2 37. Kxg2 Rc8 38. Rc1 c5 39. Rc4
Rc7 40. b4 Kf5 41. bxc5 h5 42. c6 Ke6 43. e4 f5 44. Rc2 fxe4 45. fxe4 Kd6 46.
d5 b5 47. Rd2 Re7 48. Kf3 a5 49. Ke3 g4 50. Kd4 b4 51. Rf2 Rg7 52. e5+ Kc7 53.
Kc5 h4 54. d6+ Kb8 55. c7+ Kc8 56. e6 1-0

[Event "Air Force ch"]
[Site "?"]
[Date "1987.??.??"]
[Round "3"]
[White "Hill, L."]
[Black "McCalmont, J."]
[Result "1-0"]
[WhiteElo "2155"]
[BlackElo "2155"]
[PlyCount "112"]
[EventDate "1987.??.??"]

1. e4 c5 2. d4 e6 3. d5 e5 4. f4 d6 5. Nf3 Nd7 6. Bd3 Ngf6 7. Nc3 a6 8. a4 Qc7
9. Qe2 Be7 10. O-O exf4 11. Bxf4 Ne5 12. Bxe5 dxe5 13. b3 O-O 14. Nd2 Bg4 15.
Qe1 Rad8 16. Nc4 Bc8 17. Ne3 Nh5 18. Rf3 Bg5 19. Bc4 g6 20. g3 Ng7 21. Rd1 Rd6
22. Be2 Bxe3+ 23. Rxe3 Ne8 24. Nb1 Rd8 25. Nd2 Nd6 26. Nc4 Rde8 27. Qf2 Nxc4
28. Bxc4 Qd6 29. Rf1 f5 30. exf5 gxf5 31. Qd2 Bd7 32. Rfe1 b5 33. axb5 axb5 34.
Bf1 Re7 35. c4 b4 36. Qe2 Rfe8 37. Bh3 Kg7 38. Qh5 Qf6 39. Bg2 Ra8 40. Qe2 Rae8
41. Ra1 f4 42. Rf1 Qg5 43. gxf4 exf4 44. Rxe7+ Rxe7 45. Qb2+ Kh6 46. Kh1 Re3
47. Qh8 Bg4 48. Qf8+ Kg6 49. Rxf4 Bf5 50. Rf1 Re2 51. Bf3 Rxh2+ 52. Kxh2 Qh4+
53. Kg1 Qg3+ 54. Bg2 Qe3+ 55. Kh2 Qh6+ 56. Qxh6+ Kxh6 1-0

[Event "1990 Armed Forces ch"]
[Site "?"]
[Date "1990.??.??"]
[Round "12"]
[White "Crook, C."]
[Black "Murillo, M."]
[Result "0-1"]
[WhiteElo "1980"]
[BlackElo "2230"]
[PlyCount "112"]
[EventDate "1990.??.??"]

1. e4 e5 2. f4 d5 3. exd5 c6 4. dxc6 Nxc6 5. Bb5 exf4 6. Nf3 Bd6 7. d4 Nge7 8.
c4 O-O 9. O-O Bg4 10. Nc3 Rc8 11. Bxc6 Nxc6 12. Kh1 Bb8 13. Ne2 Qf6 14. b3 Rcd8
15. Bb2 Rfe8 16. Qd2 Qh6 17. Rae1 g5 18. Neg1 Bxf3 19. Nxf3 g4 20. Ng1 Re3 21.
d5 Ne7 22. g3 Nf5 23. Rxe3 Nxe3 24. Re1 fxg3 25. Rxe3 Bf4 26. Qe2 Bxe3 27.
Qxg4+ Qg6 28. Qxg6+ fxg6 29. hxg3 Rf8 30. Nh3 g5 31. Be5 Re8 32. Bc7 Bb6 33.
Bxb6 axb6 34. Nxg5 Re2 35. Ne6 Rxa2 36. Nd8 Rb2 37. Nxb7 Rxb3 38. d6 Rd3 39. c5
bxc5 40. Nxc5 Rxd6 41. Ne4 Rd3 42. Kg2 Kg7 43. Nf2 Ra3 44. Nh3 Kf6 45. Nf2 Kf5
46. Nh3 h6 47. Nf2 Rc3 48. Nh3 h5 49. Nf2 Re3 50. Nh3 Ke4 51. Ng1 Re1 52. Kf2
Ra1 53. Kg2 Ke3 54. Kh2 Ra2+ 55. Kh3 Kf2 56. Kh2 Kf1+ 0-1

[Event "1990 Armed Forces ch"]
[Site "?"]
[Date "1990.??.??"]
[Round "3"]
[White "Whitten, J."]
[Black "Rivera, N."]
[Result "1/2-1/2"]
[WhiteElo "2075"]
[BlackElo "2145"]
[PlyCount "114"]
[EventDate "1990.??.??"]

1. e4 e6 2. d4 d5 3. Nc3 Nc6 4. Nf3 Nf6 5. Bg5 Be7 6. e5 Nd7 7. Bxe7 Qxe7 8.
Bd3 Nb4 9. Be2 a6 10. a3 Nc6 11. O-O f6 12. Re1 fxe5 13. Nxe5 Ncxe5 14. dxe5
O-O 15. Bg4 b5 16. Nxd5 Qf7 17. Bf3 Ra7 18. Nc3 Bb7 19. Bxb7 Rxb7 20. Qd2 b4
21. axb4 Rxb4 22. b3 Rf4 23. f3 Rf5 24. Qd4 g5 25. Rad1 Nb6 26. Ne4 Rf4 27.
Nf6+ Kh8 28. Re4 Rf5 29. c4 h5 30. c5 Nc8 31. Qd7 Ne7 32. Qxc7 g4 33. Rd7 Rxf6
34. Rxe7 Qg6 35. exf6 gxf3 36. Rh7+ Qxh7 37. Qxh7+ Kxh7 38. Rxe6 Rg8 39. g3 Kg6
40. Rxa6 Rb8 41. Rb6 Rd8 42. Kf2 Rd3 43. b4 Rc3 44. h3 Kf7 45. Rd6 Rc4 46. Kxf3
Rxb4 47. c6 Rc4 48. g4 h4 49. Ke3 Rc3+ 50. Kd4 Rc1 51. Ke5 Rc5+ 52. Kd4 Rc1 53.
Kd5 Rc3 54. g5 Rc1 55. Rd7+ Kg6 56. Rg7+ Kh5 57. f7 Rc5+ 1/2-1/2

[Event "1991 Armed Forces Ch"]
[Site "?"]
[Date "1991.??.??"]
[Round "5"]
[White "Regensberg, W."]
[Black "Hughes, A."]
[Result "1-0"]
[WhiteElo "2170"]
[BlackElo "2085"]
[PlyCount "113"]
[EventDate "1991.??.??"]

1. d4 Nf6 2. c4 g6 3. Nc3 Bg7 4. e4 d6 5. f3 a6 6. Be3 O-O 7. Nge2 Nc6 8. Rb1
Rb8 9. b4 b6 10. Qd2 Re8 11. Nc1 e5 12. d5 Nd4 13. Nb3 c5 14. dxc6 Nxc6 15. Nd5
Be6 16. Be2 Nh5 17. O-O f5 18. exf5 gxf5 19. f4 Nf6 20. Nxf6+ Bxf6 21. Rbd1 Qc8
22. b5 axb5 23. cxb5 Nd4 24. Nxd4 exd4 25. Bxd4 Bxd4+ 26. Qxd4 Qc5 27. Bf3 Bc4
28. Qxc5 dxc5 29. Bd5+ Bxd5 30. Rxd5 Re2 31. Rxf5 Ra8 32. Rf3 Ra7 33. Rg3+ Rg7
34. Rf6 Rxa2 35. Rxg7+ Kxg7 36. Rxb6 Rb2 37. h3 c4 38. Rc6 Rb4 39. Kh2 Kf7 40.
Kg3 Rb3+ 41. Kg4 c3 42. f5 Rb2 43. Rxc3 Rxg2+ 44. Kf4 Rb2 45. Rc7+ Kf6 46. Rc6+
Ke7 47. b6 Rf2+ 48. Ke5 Re2+ 49. Kd5 Rd2+ 50. Kc5 Rb2 51. f6+ Kf7 52. Kd6 Kxf6
53. Kc7+ Kg5 54. b7 h5 55. b8=Q Rxb8 56. Kxb8 Kh4 57. Rc3 1-0

[Event "Air Force ch"]
[Site "?"]
[Date "1989.??.??"]
[Round "5"]
[White "Moore, B."]
[Black "Waldowski, P."]
[Result "1-0"]
[WhiteElo "2265"]
[BlackElo "2060"]
[PlyCount "113"]
[EventDate "1989.??.??"]

1. e4 c6 2. c4 d5 3. exd5 cxd5 4. cxd5 Nf6 5. Bb5+ Nbd7 6. Nc3 g6 7. Nge2 Bg7
8. Nf4 O-O 9. d3 a6 10. Bxd7 Qxd7 11. O-O b5 12. Re1 Bb7 13. Qb3 Rad8 14. a4 g5
15. Nh3 b4 16. Qxb4 Nxd5 17. Nxd5 Qxd5 18. Qg4 h6 19. Rxe7 Qxd3 20. Bxg5 Bc8
21. Qf4 Qg6 22. Bxh6 Bxh6 23. Qg3 Rd3 24. Qxg6+ fxg6 25. Ra7 Rfd8 26. Re1 Rd1
27. Kf1 Rxe1+ 28. Kxe1 Rd7 29. Ra8 Rc7 30. f4 Bf8 31. Ng5 Bb4+ 32. Ke2 Kg7 33.
Rb8 a5 34. Rb5 Rc2+ 35. Kf3 Rxb2 36. g4 Rb3+ 37. Ke4 Bxg4 38. Rb7+ Kf8 39. Nh7+
Ke8 40. Nf6+ Kf8 41. Nxg4 Ra3 42. Ne5 Rxa4 43. Nxg6+ Ke8 44. Kd5 Bc3 45. Ke6
Rb4 46. Re7+ Kd8 47. Rd7+ Ke8 48. Rd6 Re4+ 49. Ne5 Bb4 50. Rc6 Kf8 51. f5 a4
52. f6 Kg8 53. Kf5 Re2 54. f7+ Kg7 55. Rg6+ Kh7 56. Ng4 Be7 57. f8=Q 1-0

[Event "Air Force ch"]
[Site "?"]
[Date "1988.??.??"]
[Round "2"]
[White "Hill, L."]
[Black "Waldowski, P."]
[Result "1/2-1/2"]
[WhiteElo "2190"]
[BlackElo "2120"]
[PlyCount "114"]
[EventDate "1988.??.??"]

1. e4 c5 2. Nf3 Nf6 3. d3 Nc6 4. g3 d5 5. Nbd2 e5 6. exd5 Nxd5 7. Bg2 Be7 8.
O-O O-O 9. Re1 f6 10. Nf1 Be6 11. h3 Qd7 12. Kh2 Bd6 13. Ne3 Nde7 14. Bd2 Rad8
15. b3 Bb8 16. Qe2 Nd4 17. Nxd4 cxd4 18. Nc4 b5 19. Nb2 Rc8 20. Rac1 Nd5 21. a4
Nc3 22. Qh5 Na2 23. Ra1 Rxc2 24. Rxa2 Rxd2 25. Re2 Rxe2 26. Qxe2 Bxb3 27. Ra3
bxa4 28. Qd2 Bd6 29. Ra1 Rc8 30. Nc4 Bf8 31. Qa5 Rc5 32. Qa6 f5 33. f4 Rxc4 34.
dxc4 e4 35. Bf1 d3 36. c5 Bxc5 37. Rc1 Bf8 38. Rc8 Bd5 39. Rb8 Qc7 40. Qb5 Bb3
41. Qb4 Qf7 42. Qd6 g6 43. g4 Bd1 44. Kg3 h6 45. Qc6 Bb3 46. Qd6 Kg7 47. Qe5+
Kh7 48. Rc8 Bg7 49. Qd6 Qe6 50. Qc5 d2 51. Be2 d1=Q 52. Bxd1 Bxd1 53. Rc7 Qb6
$4 54. Rxg7+ Kxg7 55. Qe7+ Kg8 56. Qe8+ Kg7 57. Qe7+ Kg8 1/2-1/2

[Event "Air Force ch"]
[Site "?"]
[Date "1988.??.??"]
[Round "9"]
[White "Echaure, S."]
[Black "Forsythe, S."]
[Result "1/2-1/2"]
[WhiteElo "2075"]
[BlackElo "2040"]
[PlyCount "114"]
[EventDate "1988.??.??"]

1. Nf3 d5 2. c4 c6 3. e3 Nf6 4. Nc3 g6 5. d4 Bg7 6. Be2 O-O 7. O-O Nbd7 8. b3
dxc4 9. bxc4 c5 10. Qb3 Re8 11. Rd1 a6 12. Ba3 Qc7 13. Rac1 e6 14. h3 Bh6 15.
Rb1 Bf8 16. Bb2 Bg7 17. Na4 Ne4 18. Bd3 Ndf6 19. Ba3 cxd4 20. exd4 Rb8 21. Ne5
Bd7 22. Nxd7 Qxd7 23. Nc5 Nxc5 24. Bxc5 Rec8 25. Ba7 Ra8 26. Bb6 Qc6 27. Be2
Nd7 28. c5 Nxb6 29. Qxb6 Qxb6 30. Rxb6 Rc7 31. Bf3 Rd8 32. Rxb7 Rxb7 33. Bxb7
Rxd4 34. Rxd4 Bxd4 35. c6 Bb6 36. Bxa6 Kf8 37. Kf1 Ke7 38. Ke2 Kd6 39. Bb7 g5
40. f3 h5 41. Kd3 Kc5 42. Kc3 e5 43. g4 hxg4 44. hxg4 f6 45. Kd3 Ba5 46. Ke4
Kd6 47. Kf5 Ke7 48. Bc8 Bd8 49. Bd7 Ba5 50. Ke4 Kd6 51. Kd3 Kc5 52. Kc2 Bd8 53.
Kb3 Ba5 54. a3 Bd8 55. Kc3 Ba5+ 56. Kd3 Bd8 57. Ke4 Kd6 1/2-1/2

[Event "Air Force ch"]
[Site "?"]
[Date "1989.??.??"]
[Round "7"]
[White "Burden, J."]
[Black "Waldowski, P."]
[Result "1-0"]
[WhiteElo "2030"]
[BlackElo "2060"]
[PlyCount "113"]
[EventDate "1989.??.??"]

1. e4 c5 2. Nf3 Nc6 3. d4 cxd4 4. Nxd4 Qb6 5. Nb3 Nf6 6. Bd3 d5 7. exd5 Nxd5 8.
O-O e6 9. Re1 Be7 10. N1d2 Bd7 11. c4 Nf6 12. a3 a5 13. Nf3 a4 14. Nbd2 Bc5 15.
Qe2 Rd8 16. Rb1 Na5 17. h3 Bc6 18. Ne5 O-O 19. Bc2 Nb3 20. Nxc6 bxc6 21. Nxb3
axb3 22. Bd1 Rd4 23. Qf1 Rxc4 24. Qxc4 Bxf2+ 25. Kf1 Bxe1 26. Kxe1 Qg1+ 27. Qf1
Qd4 28. Bf3 Rd8 29. Qf2 Qd3 $2 30. Qd2 c5 31. Qxd3 Rxd3 32. Ke2 Rd4 33. Be3 Ra4
34. Rd1 h6 35. Bxc5 e5 36. Bb7 Nh5 37. Bb4 Nf4+ 38. Ke3 f5 39. Rd8+ Kf7 40. Ra8
Rxa8 41. Bxa8 g5 42. a4 e4 43. a5 Nxg2+ 44. Kf2 Nf4 45. Bd2 Nd3+ 46. Ke2 Nc5
47. Bd5+ Kg6 48. Be3 Na6 49. Bxb3 f4 50. Bd4 h5 51. Bc4 Nb4 52. a6 f3+ 53. Kf2
Nxa6 54. Bxa6 g4 55. hxg4 hxg4 56. b4 Kg5 57. Kg3 1-0

[Event "Air Force ch"]
[Site "?"]
[Date "1988.??.??"]
[Round "10"]
[White "Vitko, G."]
[Black "Moore, B."]
[Result "1-0"]
[WhiteElo "2210"]
[BlackElo "2270"]
[PlyCount "115"]
[EventDate "1988.??.??"]

1. e4 c5 2. Nf3 d6 3. d4 cxd4 4. Nxd4 Nf6 5. f3 e5 6. Bb5+ Nbd7 7. Nf5 d5 8.
exd5 a6 9. Ba4 Qa5+ 10. Nc3 b5 11. Bb3 Nc5 12. Qe2 Nxb3 13. Qxe5+ Kd8 14. cxb3
b4 15. Ne4 Qxd5 16. Qxd5+ Nxd5 17. Ne3 Nf4 18. Bd2 Bb7 19. g3 Nd3+ 20. Ke2 Ne5
21. Nc4 Nxf3 22. Ned6 Bxd6 23. Nxd6 Nd4+ 24. Kd3 Bxh1 25. Nxf7+ Kd7 26. Nxh8
Nxb3 27. axb3 Bd5 28. Bxb4 Bxb3 29. Bc3 Rxh8 30. Rxa6 Rc8 31. Ra7+ Rc7 32.
Rxc7+ Kxc7 33. Bxg7 Kd6 34. Ke4 Ke6 35. Kf4 Kf7 36. Be5 Kg6 37. Bd6 Kh5 38. Be7
Kg6 39. g4 Kf7 40. Bc5 Kg6 41. Bd4 Be6 42. b4 Bc4 43. h4 Be2 44. Bc3 Kf7 45.
Kf5 Bd3+ 46. Kg5 Be2 47. Kf5 Bd3+ 48. Ke5 Ke7 49. Kd5 Be2 50. g5 Kd7 51. Kc5
Kc7 52. b5 Bf3 53. Bd4 Be2 54. b6+ Kd7 55. Kd5 Bf3+ 56. Ke5 Ke7 57. Bc5+ Kd7
58. Kf6 1-0

[Event "1991 Armed Forces Ch"]
[Site "?"]
[Date "1991.??.??"]
[Round "4"]
[White "Smithwick, J."]
[Black "McCalmont, J."]
[Result "0-1"]
[WhiteElo "2170"]
[BlackElo "2140"]
[PlyCount "116"]
[EventDate "1991.??.??"]

1. Nf3 c5 2. c4 Nc6 3. Nc3 Nf6 4. g3 d5 5. cxd5 Nxd5 6. Bg2 e6 7. O-O Be7 8. d3
O-O 9. a3 Nc7 10. Be3 e5 11. Na4 Ne6 12. Rc1 Qa5 13. Nd2 Rd8 14. Bxc6 bxc6 15.
Ne4 Rd5 16. Qc2 Nd4 17. Bxd4 exd4 18. Nexc5 Bh3 19. Rfd1 Qd8 20. b4 Bg5 21. Rb1
Qc8 22. Ne4 Bh6 23. Nb2 Rh5 24. Nc4 Bg2 $1 25. Ne5 Rxh2 $1 26. g4 Bf4 27. Qxc6
Qxc6 28. Nxc6 Bh3 29. Ng3 Rg2+ 30. Kh1 Rxf2 31. Rg1 Bxg4 32. Nxd4 Rd8 33. Nf3
Rd6 34. Rg2 Bxf3 35. exf3 Rxg2 36. Kxg2 Rxd3 $2 {36...Rg6} 37. Ne4 g6 38. a4 f5
39. Nc5 Rd2+ 40. Kf1 Kf7 41. Rb3 h5 42. Nd3 Bd6 43. a5 h4 44. Nf2 Ra2 45. Nh3
Kf6 46. f4 Ra4 47. b5 Rxa5 48. b6 axb6 49. Rxb6 Ke6 50. Ng5+ Kd5 51. Nf3 h3 52.
Rxd6+ Kxd6 53. Kg1 Ra2 54. Nh4 Kd5 55. Kh1 Ke4 56. Nxg6 Kf3 57. Ne5+ Kg3 58.
Nf3 Kxf3 0-1

[Event "1991 Armed Forces Ch"]
[Site "?"]
[Date "1991.??.??"]
[Round "5"]
[White "Smithwick, J."]
[Black "Lacno, D."]
[Result "0-1"]
[WhiteElo "2170"]
[BlackElo "2065"]
[PlyCount "116"]
[EventDate "1991.??.??"]

1. Nf3 d6 2. b3 Nf6 3. Bb2 e5 4. d3 g6 5. Nbd2 Bg7 6. g3 Nc6 7. Bg2 Bg4 8. O-O
Qd7 9. Re1 O-O 10. e4 h6 11. Nf1 Nd4 12. Bxd4 exd4 13. Qd2 Nh7 14. h4 Rae8 15.
N3h2 Nf6 16. Nxg4 Nxg4 17. Nh2 Ne5 18. f4 Nc6 19. Re2 f5 20. Rae1 Kh8 21. Bh3
Qf7 22. exf5 Rxe2 23. Rxe2 gxf5 24. Qe1 Rg8 25. Bg2 Bf6 26. Kh1 Nd8 27. a4 c6
28. Nf3 Qh5 29. Kh2 a6 30. Qf2 Rg7 31. Re1 Qg6 32. Bh3 a5 33. Rg1 Ne6 34. Nd2
b5 35. axb5 cxb5 36. Ra1 Bd8 37. Qf3 Nc5 38. h5 Qe6 39. Qg2 Qe8 40. Bxf5 Qxh5+
41. Bh3 Bh4 42. g4 Qe8 43. Nf3 Re7 44. Nxd4 Re3 45. Rf1 Ne6 46. Nf5 Nxf4 47.
Rxf4 Re2 48. Nxh4 Rxg2+ 49. Kxg2 $2 Qc6+ 50. Kg3 Qxc2 51. Bf1 Qxb3 52. Nf5 Kh7
53. Nxd6 a4 54. Kh4 a3 55. d4 a2 56. Ne8 a1=Q 57. Nf6+ Kg6 58. Bg2 Qe1+ 0-1

[Event "Air Force ch"]
[Site "?"]
[Date "1987.??.??"]
[Round "5"]
[White "Moore, B."]
[Black "Swaim, S."]
[Result "1-0"]
[WhiteElo "2275"]
[BlackElo "2095"]
[PlyCount "115"]
[EventDate "1987.??.??"]

1. e4 c5 2. Nf3 d6 3. d4 cxd4 4. Qxd4 Nc6 5. Bb5 Bd7 6. Bxc6 Bxc6 7. Nc3 Nf6 8.
Bg5 Qb6 9. Bxf6 gxf6 10. Qxb6 axb6 11. Nd5 Ra4 12. Nd2 Bh6 13. Nc3 Ra5 14. b4
Rg5 15. g3 f5 16. f4 Rg6 17. O-O-O fxe4 18. Ndxe4 f5 19. Nd2 Bxh1 20. Rxh1 Kf7
21. Nd5 Ra8 22. Kb2 e5 23. Re1 Ra6 24. b5 Ra4 25. c4 exf4 26. Kb3 Ra7 27. gxf4
Rg2 28. Re7+ Kf8 29. Nf3 Bg7 30. a4 Rb2+ 31. Ka3 Rb1 32. Ng5 Ba1 33. Nxh7+ Kg8
34. Ng5 Rd1 35. Rf7 Bg7 36. Ne7+ Kh8 37. Ng6+ Kg8 38. Ne7+ Kh8 39. Nxf5 Rd3+
40. Kb4 Bc3+ 41. Kb3 Bf6+ 42. Kc2 Bxg5 43. Kxd3 Bxf4 44. h4 Kg8 45. Rd7 Rxa4
46. Nxd6 Ra2 47. Ke4 Bg3 48. Nf5 Bf2 49. Rxb7 Rd2 50. h5 Bc5 51. h6 Rc2 52. Kd5
Rf2 53. Nh4 Rd2+ 54. Ke5 Bd4+ 55. Ke4 Rh2 56. h7+ Kf8 57. Ng6+ Ke8 58. Kxd4 1-0

[Event "Air Force ch"]
[Site "?"]
[Date "1992.??.??"]
[Round "1"]
[White "Echaure, S."]
[Black "McCalmont, J."]
[Result "1/2-1/2"]
[WhiteElo "2075"]
[BlackElo "2185"]
[PlyCount "116"]
[EventDate "1992.??.??"]

1. d4 Nf6 2. c4 e6 3. Nc3 Bb4 4. e3 O-O 5. Bd3 c5 6. Nf3 Bxc3+ 7. bxc3 d6 8.
O-O Nc6 9. a3 e5 10. Qc2 Re8 11. d5 Ne7 12. e4 Ng6 13. Re1 Nh5 14. h3 Nhf4 15.
Bf1 Rf8 16. Kh2 f5 17. g3 Nh5 18. Bg2 f4 19. g4 Nf6 20. Rh1 Qa5 21. Bd2 h6 22.
Rhb1 Qd8 23. Be1 Nh4 24. Nxh4 Nxg4+ 25. Kg1 Qxh4 26. f3 Ne3 27. Bxh4 Nxc2 28.
Ra2 g5 29. Rxc2 gxh4 30. Kh2 b6 31. Rg1 Bd7 32. Bf1+ Kf7 33. Rcg2 Rg8 34. Rxg8
Rxg8 35. Rxg8 Kxg8 36. Kg2 Kf7 37. Kf2 Ke7 38. Ke1 Ba4 39. Kd2 Kd8 40. Kc1 Kc7
41. Be2 Kb7 42. Kb2 Ka6 43. Ka2 Ka5 44. Kb2 Bd7 45. Bf1 Ka4 46. Ka2 a6 47. Kb2
Ka5 48. Ka2 Ba4 49. Be2 b5 50. cxb5 axb5 51. Kb2 c4 52. Kc1 Bb3 53. Kb1 Ka4 54.
Kb2 h5 55. Bf1 Bd1 56. Bg2 Be2 57. Ka2 Bd3 58. Kb2 Be2 1/2-1/2